Statistics for Which Song Has More Views

Click here to take the quiz!

General Stats

  • This quiz has been taken 14 times
  • The average score is 9 of 16

Answer Stats

QuestionAnswer% Correct
?Billie Eilish, Khalid - lovely
82%
?Justin Bieber - Baby
82%
?Tones And I - Dance Monkey
82%
?Alan Walker - Faded
73%
?Baby Shark-Pinkfong
73%
?Katy Perry - Roar
64%
?The Chainsmokers - Closer
64%
?Imagine Dragons - Enemy
55%
?Olivia Rodrigo - drivers license
55%
?Maroon 5 - Memories
45%
?Maroon 5 - Payphone
45%
?Avicii - The Nights
36%
?John Denver - Take Me Home, Country Roads
36%
?Shawn Mendes, Camila Cabello - Señorita
36%
?BLACKPINK - Kill This Love
27%
?Post Malone, Swae Lee - Sunflower
9%

Score Distribution

Percentile by Number Answered

Percent of People with Each Score

Your Score History

You have not taken this quiz